000 01123cam a22002654a 4500
999 _c6257
_d6257
001 13529841
003 OSt
005 20190823105235.0
008 040319s2004 nyu b 001 0 eng
010 _a 2004006505
020 _a1570755574 (pbk.)
040 _aDLC
_cDLC
_dDLC
042 _apcc
050 0 0 _aBT83.583
_b.I83 2004
082 0 0 _a230/.082
_222
100 1 _aIsasi-Díaz, Ada María.
245 1 3 _aLa lucha continues :
_bmujerista theology /
_cAda María Isasi-Díaz.
260 _aMaryknoll, N.Y. :
_bOrbis Books,
_cc2004.
300 _axiv, 270 p. ;
_c21 cm.
504 _aIncludes bibliographical references and index.
650 0 _aMujerista theology.
856 4 1 _3Table of contents
_uhttp://www.loc.gov/catdir/toc/ecip0416/2004006505.html
906 _a7
_bcbc
_corignew
_d1
_eecip
_f20
_gy-gencatlg
942 _2lcc
_cOS
_hBT83.583